000 00482nam a2200181Ia 4500
001 23782
005 20260414151000.0
008 260414t2012||||xx |||||||||||||| ||spa||
041 _aESP
082 _a709.032
_bS71
100 _aSoto Caba, Victoria
_eAUT
245 0 _aArte y realidad en el barroco I :
_bmodelos del naturalismo europeo en el siglo XVII
260 _c2012
300 _a346 páginas :
_c24 cm.
650 _aABD
654 _aCAU
942 _cLIB
_dJUS
_fJUS
_2ddc
_n
999 _c23782
_d23782